Materiálové zásobování v JIT prostředí

Základné kroky pre implementáciu systému materiálového zásobovania v JIT (Just in Time) prostredí: plán pre každú súčiastku, vytvorenie centrálneho skladovacieho miesta, stanovenie presných dopravných trás pre vnútropodnikovú dopravu materiálu, integrácia materiálového zásobovania s podnikovým infor...

Ausführliche Beschreibung

Gespeichert in:
Bibliographische Detailangaben
1. Verfasser: Čestnější, Alexandr
Format: Buchkapitel
Sprache:Tschechisch
Schlagworte:
Tags: Tag hinzufügen
Keine Tags, Fügen Sie das erste Tag hinzu!

MARC

LEADER 00000naa$a2200000$$$4500
001 0008776
005 20231113114600.6
041 0 |a cze 
044 |a CZ 
245 1 0 |a Materiálové zásobování v JIT prostředí  |c aut. Alexandr Čestnější 
520 |a Základné kroky pre implementáciu systému materiálového zásobovania v JIT (Just in Time) prostredí: plán pre každú súčiastku, vytvorenie centrálneho skladovacieho miesta, stanovenie presných dopravných trás pre vnútropodnikovú dopravu materiálu, integrácia materiálového zásobovania s podnikovým informačným systémom. 
610 2 0 |a podnik 
610 2 0 |a tok materiálu 
610 2 0 |a zásobovanie 
610 2 0 |a JIT 
610 2 0 |a sklady 
610 2 0 |a doprava vnútrozávodná 
610 2 0 |a systémy informačné podnikové 
610 2 0 |a sklady centrálne 
610 2 0 |a zásoby materiálu 
100 1 |a Čestnější, Alexandr